Statistiques concernant Culture Générale - Série 2236

Cliquez ici pour prendre le quiz!

Statistiques générales

  • Ce quiz a été pris 125 fois
  • Le résultat moyen est 7 sur 10

Statistiques - réponses

QuestionRéponse% Correct
Dans quelle ville européenne se trouve la fontaine de Trevi ?Rome
99%
Dans quelle ville sont situées les plus célèbres falaises de France ?Etretat
85%
De quel nombre la triskaidékaphobie est-elle la peur ?13
84%
Qui joue le rôle de Victor nettoyeur dans le film "Nikita" réalisé en 1990 par Luc Besson? prénom et nomJean Reno
81%
Dans quel pays se trouve le circuit automobile de Zandvoort ?Pays-Bas
79%
Comment appelle-t-on le versant de la montagne non situé au soleil ?ubac
73%
Quel est le prénom de Kate Winslet dans le film "Titanic" de James Cameron ? voir photoRose
71%
Comment appelle-t-on le signe "&" ?esperluette
58%
A quelle étendue d'eau le morceau "Smoke on the water" de Deep Purple fait-il allusion ?lac Léman
21%
Quelle capitale actuelle était appelée « Philadelphia » du temps des Romains ?Amman
17%

Distribution des résultats

Percentile par nombre de réponses

% des personnes avec chaque résultat

Votre développement - résultats

Vous n’avez pas pris ce quiz